Central Library OPAC University of Rajshahi

The waste land / (Record no. 62987)

MARC details
000 -LEADER
fixed length control field 00785nam a2200277 a 4500
001 - CONTROL NUMBER
control field 62987
003 - CONTROL NUMBER IDENTIFIER
rucl marc code BD-RjUL
005 - DATE AND TIME OF LATEST TRANSACTION
control field 20211209081140.0
008 - FIXED-LENGTH DATA ELEMENTS--GENERAL INFORMATION
fixed length control field 170126s2003 ii 001 0 eng d
020 ## - INTERNATIONAL STANDARD BOOK NUMBER
International Standard Book Number 817649433X
035 ## - SYSTEM CONTROL NUMBER
System control number (BD-RjUL)63115
040 ## - CATALOGING SOURCE
Original cataloging agency BD-RjUL
Language of cataloging eng
Transcribing agency BD-RjUL
Modifying agency BD-RjUL
041 ## - LANGUAGE CODE
Language code of text/sound track or separate title eng
082 ## - DEWEY DECIMAL CLASSIFICATION NUMBER
Edition number 23
Classification number 821
Author mark and year WAS 2003
245 14 - TITLE STATEMENT
Title The waste land /
Statement of responsibility, etc. Tony Davies; Nigel Wood
250 ## - EDITION STATEMENT
Edition statement 1st Indian ed.
260 ## - PUBLICATION, DISTRIBUTION, ETC. (IMPRINT)
Place of publication, distribution, etc. New Delhi :
Name of publisher, distributor, etc. Viva Book private ltd.,
Date of publication, distribution, etc. 2003
300 ## - PHYSICAL DESCRIPTION
Pagination xii, 162 p. ;
Size 22 cm.
490 ## - SERIES STATEMENT
Series statement Theory in practice series.
500 ## - GENERAL NOTE
General note Includes index
650 ## - SUBJECT ADDED ENTRY--TOPICAL TERM
Topical term or geographic name as entry element English poetry.
9 (RLIN) 179095
700 ## - ADDED ENTRY--PERSONAL NAME
Personal name Davies, Tony
Personal name Wood, Nigel
830 ## - SERIES ADDED ENTRY--UNIFORM TITLE
Uniform title Theory in practice series.
942 ## - ADDED ENTRY ELEMENTS (KOHA)
Source of classification or shelving scheme Dewey Decimal Classification
Koha item type Books
Holdings
Lost status Source of classification or shelving scheme Damaged status Not for loan Collection code Permanent Location Current Location Shelving location Date acquired Source of acquisition Cost, normal purchase price Total Checkouts Full call number Date last seen Copy number Koha item type
  Dewey Decimal Classification   Not For Loan Non-fiction Central Library, University of Rajshahi Central Library, University of Rajshahi Reading Room 16/03/2006 Dhaka, Paragon Enterprises Ltd. 95.00   821 WAS 2003 26/01/2017 C-1 Books